| 000 | 00000nam##2200000za#4500 |
| 001 | 9.590327 |
| 003 | CaOODSP |
| 005 | 20210624200055 |
| 007 | cr ||||||||||| |
| 008 | 150406|2009||||xxc|||||o f|0| 0 eng|d |
| 022 | |a1701-1280 |
| 040 | |aCaOODSP|beng |
| 041 | |aeng |
| 041 | |afre |
| 043 | |an-cn--- |
| 086 | 1 |aFs70-4/2009-050-PDF |
| 110 | 1 |aCanada. |bDepartment of Fisheries and Oceans. |
| 245 | 10|aProceedings of the Zonal Advisory Process for Atlantic cod for 2009 : |h[electronic resource]|bFebruary 24–March 6, 2009, Harbourview Meeting Room, Delta St. John's Hotel and Conference Centre, 120 New Gower Street, St. John's NL / |cMeeting Chairpersons: Jake Rice and Noel Cadigan; Editor: D.B. Atkinson. |
| 260 | |aSt. John's - Newfoundland and Labrador : |bFisheries and Oceans Canada |cMarch 2010. |
| 300 | |a302p.|breferences |
| 490 | 1 |aCanadian Science Advisory Secretariat proceedings series|x1701-1280|v2009/050 |
| 590 | |a14-20-Supp|b2014-11-25 |
| 792 | |tCompte rendu du processus de consultation scientifique zonal sur la morue franche en 2009 : |efre|w(CaOODSP)9.590328 |
| 830 | #0|aProceedings series (Canadian Science Advisory Secretariat)|x1701-1280|v2009/050|w(CaOODSP)9.500507 |
| 856 | 40|ahttp://publications.gc.ca|qPDF|s1434 KB|uhttps://publications.gc.ca/collections/collection_2014/mpo-dfo/Fs70-4-2009-050.pdf|y2009/050 |